Identidad fortuita: Setenta retratos a los setenta.

Saved in:
Bibliografiske detaljer
Hovedforfatter: Poirot de la Torre, Luis (Author)
Format: Bog
Sprog:spansk
Udgivet: Santiago, Chile: LOM, 2011.
Udgivelse:Primera edición.
Serier:Colección Mal de Ojo.
Serie Cazador de Sombras.
Fag:
Tags: Tilføj Tag
Ingen Tags, Vær først til at tagge denne postø!

MARC

LEADER 00000cam a2200000 a 4500
001 UCF1789
003 CL-VaPUC
005 20250407202432.0
008 120727t20110000CL |||||||||||||||||spa|d
999 |c 348477  |d 348475 
020 |a 978-956-00-0269-3 
040 |c Pontificia Universidad Católica de Valparaíso 
082 0 4 |a 778.92 POI 2011  |2 21 
100 0 |a Poirot de la Torre, Luis  |e author  |9 563277 
245 1 0 |a Identidad fortuita:  |b Setenta retratos a los setenta. 
250 |a Primera edición. 
260 |a Santiago, Chile:  |b LOM,  |c 2011. 
300 |a 95 páginas:  |b fotografías. 
490 0 |a Colección Mal de Ojo. 
490 0 |a Serie Cazador de Sombras. 
500 |a c.3. Instituto Arcos.08-01-2025. 
583 |a last modification  |c 20121218 08:28:46  |k Rodrigo Vera 
650 0 |a Retratos  |9 313437  |x Fotografías en blanco y negro  |z Chile 
650 0 |a Historia de Chile  |9 265473  |x Personalidades y artistas  |x Fotografías 
942 |c BK  |2 ddc  |n 0 
945 |d 20120727 00:00:00  |a cmena 
952 |0 0  |1 0  |4 0  |6 779_200000000000000_POI_2011  |7 0  |8 A  |9 450501  |a BIBING  |b BIBING  |d 2019-11-22  |i 4871464  |l 1  |o 779.2 POI 2011  |p 4871464  |r 2025-01-20  |s 2023-11-29  |w 2019-11-22  |y BK  |k CUI 
952 |0 0  |1 0  |2 ddc  |4 0  |6 778_920000000000000_POI_2011  |7 0  |8 R  |9 450502  |a BIBART  |b BIBART  |d 2019-11-22  |i 4936787  |o 778.92 POI 2011  |p 4936787  |r 2025-03-13  |w 2019-11-22  |y BK_R  |k ART 
952 |0 0  |1 0  |2 ddc  |4 0  |6 778_920000000000000_POI_2011  |7 0  |8 A  |9 601263  |a BIBINC  |b BIBINC  |d 2025-03-14  |e Instituto Arcos  |i 5666148  |o 778.92 POI 2011  |p 5666148  |r 2025-03-14  |t 3  |w 2025-03-14  |y BK  |k IFP